[Event "MrDodgy Online Inv"]
[Site "chess24.com INT"]
[Date "2020.06.13"]
[Round "2.5"]
[White "Navara, David"]
[Black "Svidler, Peter"]
[Result "1-0"]
[WhiteElo "2719"]
[BlackElo "2723"]
[PlyCount "63"]
[EventDate "2020.06.12"]
[EventType "k.o. (blitz)"]
[EventRounds "3"]
[EventCountry "GER"]
[SourceTitle "CBM 196 Extra"]
[Source "ChessBase"]
[SourceDate "2020.07.31"]
[SourceVersion "1"]
[SourceVersionDate "2020.07.31"]
[SourceQuality "1"]

1. c4 g6 2. Nc3 c5 3. g3 Bg7 4. Bg2 Nc6 5. Nf3 d6 6. O-O Bf5 7. b3 Nf6 8. Bb2
Ne4 9. Nh4 Nxc3 10. Bxc3 Bxc3 11. dxc3 Bd7 12. Qd2 h6 13. f4 Qc7 14. Rab1 Kf8
15. f5 gxf5 16. Bxc6 Qxc6 17. Nxf5 Bxf5 18. Rxf5 f6 19. Rbf1 Ke8 20. Rh5 Kd7
21. Rxh6 a6 22. Rxh8 Rxh8 23. Rf4 b5 24. Qd5 bxc4 25. Qf5+ Kd8 26. Rxc4 Rg8 27.
Rh4 a5 28. Qf3 Qxf3 29. exf3 Kd7 30. Ra4 d5 31. Rxa5 Kc6 32. Ra6+ 1-0

[Event "MrDodgy Online Inv"]
[Site "chess24.com INT"]
[Date "2020.06.13"]
[Round "2.6"]
[White "Svidler, Peter"]
[Black "Navara, David"]
[Result "1-0"]
[WhiteElo "2723"]
[BlackElo "2719"]
[PlyCount "67"]
[EventDate "2020.06.12"]
[EventType "k.o. (blitz)"]
[EventRounds "3"]
[EventCountry "GER"]
[SourceTitle "CBM 196 Extra"]
[Source "ChessBase"]
[SourceDate "2020.07.31"]
[SourceVersion "1"]
[SourceVersionDate "2020.07.31"]
[SourceQuality "1"]

1. e4 e5 2. Bc4 Nf6 3. d3 c6 4. Nf3 d5 5. Bb3 Bb4+ 6. Bd2 Bxd2+ 7. Qxd2 a5 8.
a3 Qd6 9. Qg5 O-O 10. Qxe5 Qxe5 11. Nxe5 dxe4 12. d4 Nbd7 13. Nc3 Nxe5 14. dxe5
Ng4 15. Nxe4 Nxe5 16. O-O-O Bg4 17. Rde1 a4 18. Ba2 Ra5 19. Nd6 Rc5 20. Re3 Be6
21. Nxb7 Rb5 22. Nd6 Bxa2 23. Nxb5 Nc4 24. Nc3 Nxe3 25. fxe3 Bc4 26. Nxa4 Bd5
27. Rg1 Re8 28. Kd2 Rd8 29. Ke1 Be4 30. Nc5 Bxc2 31. Ke2 h5 32. e4 Rd4 33. Rc1
Rc4 34. b4 1-0

[Event "MrDodgy Online Inv"]
[Site "chess24.com INT"]
[Date "2020.06.13"]
[Round "2.7"]
[White "Navara, David"]
[Black "Svidler, Peter"]
[Result "1-0"]
[WhiteElo "2719"]
[BlackElo "2723"]
[PlyCount "73"]
[EventDate "2020.06.12"]
[EventType "k.o. (blitz)"]
[EventRounds "3"]
[EventCountry "GER"]
[SourceTitle "CBM 196 Extra"]
[Source "ChessBase"]
[SourceDate "2020.07.31"]
[SourceVersion "1"]
[SourceVersionDate "2020.07.31"]
[SourceQuality "1"]

1. e4 e5 2. Nf3 Nc6 3. Bb5 a6 4. Ba4 Nf6 5. O-O Be7 6. Re1 b5 7. Bb3 d6 8. c3
O-O 9. h3 Bb7 10. d4 Re8 11. Nbd2 Bf8 12. a3 Nb8 13. Bc2 Nbd7 14. a4 g6 15. Bd3
c6 16. b4 Nb6 17. axb5 axb5 18. Rxa8 Bxa8 19. Qb3 exd4 20. cxd4 d5 21. e5 Nh5
22. Nf1 Nc4 23. Bg5 Qc7 24. N1h2 f6 25. exf6 Rxe1+ 26. Nxe1 Qd6 27. Ng4 Qxb4
28. Nh6+ Kh8 29. Qxb4 Bxb4 30. Nf3 Bf8 31. Bxc4 dxc4 32. Ne5 Bxh6 33. Nf7+ Kg8
34. Nxh6+ Kf8 35. g4 b4 36. gxh5 b3 37. Bc1 1-0

[Event "MrDodgy Online Inv"]
[Site "chess24.com INT"]
[Date "2020.06.13"]
[Round "2.8"]
[White "Svidler, Peter"]
[Black "Navara, David"]
[Result "0-1"]
[WhiteElo "2723"]
[BlackElo "2719"]
[PlyCount "56"]
[EventDate "2020.06.12"]
[EventType "k.o. (blitz)"]
[EventRounds "3"]
[EventCountry "GER"]
[SourceTitle "CBM 196 Extra"]
[Source "ChessBase"]
[SourceDate "2020.07.31"]
[SourceVersion "1"]
[SourceVersionDate "2020.07.31"]
[SourceQuality "1"]

1. b3 Nf6 2. Bb2 g6 3. e4 c5 4. e5 Nd5 5. c4 Nb4 6. d4 Qa5 7. Bc3 cxd4 8. Qxd4
Nc2+ 9. Kd1 Nxd4 10. Bxa5 Bg7 11. f4 d6 12. exd6 Bg4+ 13. Kc1 Nxb3+ 14. axb3
Bxa1 15. dxe7 Nc6 16. Bc3 Bxc3 17. Nxc3 Nxe7 18. h3 Bd7 19. Nf3 O-O 20. Ne5 Bc6
21. Rg1 Nf5 22. Bd3 Nd4 23. Kb2 Rad8 24. Bb1 Rfe8 25. g4 Nf3 26. Nxc6 Rd2+ 27.
Kc1 Nxg1 28. Kxd2 bxc6 0-1

[Event "MrDodgy Online Inv"]
[Site "chess24.com INT"]
[Date "2020.06.13"]
[Round "2.9"]
[White "Navara, David"]
[Black "Svidler, Peter"]
[Result "1-0"]
[WhiteElo "2719"]
[BlackElo "2723"]
[PlyCount "53"]
[EventDate "2020.06.12"]
[EventType "k.o. (blitz)"]
[EventRounds "3"]
[EventCountry "GER"]
[SourceTitle "CBM 196 Extra"]
[Source "ChessBase"]
[SourceDate "2020.07.31"]
[SourceVersion "1"]
[SourceVersionDate "2020.07.31"]
[SourceQuality "1"]

1. e4 g6 2. d4 Bg7 3. Nc3 d6 4. Be3 a6 5. h4 h6 6. Qd2 Nd7 7. a4 Ngf6 8. f3 e5
9. Nge2 exd4 10. Nxd4 Ne5 11. Be2 Nh5 12. Bf2 O-O 13. g4 Nf6 14. g5 hxg5 15.
hxg5 Nh5 16. f4 Ng4 17. Bxg4 Bxg4 18. Rh4 Bd7 19. f5 Re8 20. O-O-O b5 21. f6
Nxf6 22. gxf6 Bxf6 23. Rdh1 Bg5 24. Rh8+ Kg7 25. R1h7+ Kf6 26. Bh4 Rxh8 27.
Qxg5# 1-0

[Event "Titled Tuesday intern op 7th July"]
[Site "Chess.com INT"]
[Date "2020.07.07"]
[Round "3"]
[White "Svidler, Peter"]
[Black "Dimakiling, Oliver"]
[Result "1/2-1/2"]
[WhiteElo "2723"]
[BlackElo "2409"]
[PlyCount "132"]
[EventDate "2020.07.07"]
[EventType "swiss (blitz)"]
[EventRounds "10"]
[EventCountry "USA"]
[SourceTitle "CBM 197 Extra"]
[Source "ChessBase"]
[SourceDate "2020.09.30"]
[SourceVersion "1"]
[SourceVersionDate "2020.09.30"]
[SourceQuality "1"]

1. e4 g6 2. d4 Bg7 3. Nc3 d6 4. Be3 a6 5. f4 Nf6 6. Nf3 O-O 7. e5 dxe5 8. dxe5
Ng4 9. Bc5 Nc6 10. h3 Nh6 11. g4 f6 12. exf6 Bxf6 13. Bc4+ Nf7 14. Qe2 Na5 15.
Rd1 Qe8 16. Bd5 c6 17. Be4 b5 18. O-O Nc4 19. Nd4 Bd7 20. b3 Ncd6 21. Bg2 e5
22. fxe5 Qxe5 23. Qxe5 Bxe5 24. Nxc6 Bxc6 25. Bxc6 Rac8 26. Nd5 Kg7 27. Nb4 a5
28. Nd3 Rxc6 29. Nxe5 Rxc5 30. Nd7 Rfc8 31. Nxc5 Rxc5 32. Rd2 Ne4 33. Rd7 Nf6
34. Ra7 b4 35. Rf4 Rd5 36. Rc4 Ne8 37. Rc8 Ned6 38. Rcc7 Rd1+ 39. Kf2 Rd5 40.
Ke3 Kf6 41. c4 bxc3 42. Rxc3 h5 43. Rc6 Ke6 44. Rca6 Ne5 45. Kf4 hxg4 46. hxg4
Rd4+ 47. Ke3 Rxg4 48. Rxa5 Rg2 49. R5a6 g5 50. Rh7 Nef7 51. Rxf7 Kxf7 52. Rxd6
Rxa2 53. b4 Rb2 54. Rb6 Kg7 55. Ke4 g4 56. Kf4 Rg2 57. Rc6 Kf7 58. b5 Ke7 59.
b6 Kd7 60. Rc7+ Kd8 61. Rh7 Kc8 62. b7+ Kb8 63. Rg7 Rb2 64. Rxg4 Rb4+ 65. Kg3
Rxg4+ 66. Kxg4 Kxb7 1/2-1/2

[Event "Titled Tuesday intern op 14th July"]
[Site "Chess.com INT"]
[Date "2020.07.14"]
[Round "6"]
[White "Svidler, Peter"]
[Black "Vastrukhin, Oleg"]
[Result "0-1"]
[WhiteElo "2723"]
[BlackElo "2401"]
[PlyCount "138"]
[EventDate "2020.07.14"]
[EventType "swiss (blitz)"]
[EventRounds "10"]
[EventCountry "USA"]
[SourceTitle "CBM 197 Extra"]
[Source "ChessBase"]
[SourceDate "2020.09.30"]
[SourceVersion "1"]
[SourceVersionDate "2020.09.30"]
[SourceQuality "1"]

1. e4 e6 2. d4 d5 3. Nd2 c5 4. Ngf3 Nc6 5. exd5 exd5 6. Bb5 Bd6 7. dxc5 Bxc5 8.
O-O Nge7 9. Nb3 Bb6 10. Re1 O-O 11. Be3 Bf5 12. h3 h6 13. c3 Be4 14. Nc5 Nf5
15. Nxe4 Nxe3 16. fxe3 dxe4 17. Qxd8 Raxd8 18. Nd4 Ne5 19. Rad1 g6 20. Kf2 h5
21. Ke2 a6 22. Ba4 Nd3 23. Rxd3 exd3+ 24. Kxd3 Kg7 25. b4 Rd6 26. Bb3 Rfd8 27.
g4 hxg4 28. hxg4 Rh8 29. c4 Rf6 30. c5 Bc7 31. Bd5 b6 32. Bb7 bxc5 33. bxc5 Rh2
34. Re2 Rh4 35. Rg2 Rh1 36. c6 Rd1+ 37. Ke4 Rd6 38. Rc2 Kf6 39. Bxa6 Kg5 40.
Be2 f5+ 41. gxf5 gxf5+ 42. Nxf5 Re6+ 43. Kf3 Rd8 44. e4 Rh8 45. Bb5 Rh3+ 46.
Ke2 Rxe4+ 47. Kd2 Kxf5 48. Bd3 Kf4 49. Bxe4 Kxe4 50. Rc4+ Kd5 51. Rg4 Rh2+ 52.
Kd3 Kxc6 53. Rg6+ Bd6 54. a4 Rh4 55. Kc3 Rxa4 56. Kb3 Rf4 57. Rg2 Kd5 58. Rd2+
Kc5 59. Rc2+ Kb5 60. Rc3 Be5 61. Rd3 Rb4+ 62. Kc2 Kc4 63. Rd8 Rb2+ 64. Kc1 Rh2
65. Rc8+ Kd3 66. Kb1 Bd4 67. Rc7 Rb2+ 68. Kc1 Rb6 69. Rd7 Ra6 0-1

[Event "Titled Tuesday intern op 4th Aug 10am"]
[Site "Chess.com INT"]
[Date "2020.08.04"]
[Round "1"]
[White "Svidler, Peter"]
[Black "Swicarz, Maciej"]
[Result "1-0"]
[WhiteElo "2723"]
[BlackElo "2325"]
[PlyCount "65"]
[EventDate "2020.08.04"]
[EventType "swiss (blitz)"]
[EventRounds "10"]
[EventCountry "USA"]
[SourceTitle "CBM 197 Extra"]
[Source "ChessBase"]
[SourceDate "2020.09.30"]
[SourceVersion "1"]
[SourceVersionDate "2020.09.30"]
[SourceQuality "1"]

1. e4 d5 2. exd5 Qxd5 3. Nc3 Qd6 4. d4 Nf6 5. Nf3 c6 6. Ne5 Nbd7 7. Nc4 Qc7 8.
Qf3 Nb6 9. Bf4 Qd7 10. O-O-O Qg4 11. Qxg4 Bxg4 12. f3 Nxc4 13. Bxc4 Bf5 14.
Rhe1 b5 15. Bb3 e6 16. d5 cxd5 17. Nxd5 Nxd5 18. Rxd5 Be7 19. Rxf5 exf5 20. Bd6
O-O 21. Bxe7 Rfe8 22. a4 a6 23. a5 Ra7 24. Bb4 Rxe1+ 25. Bxe1 Re7 26. Kd1 g5
27. Bf2 Kg7 28. Bd4+ Kg6 29. Kd2 h5 30. c4 bxc4 31. Bxc4 Rd7 32. Kc3 Rd6 33.
Bb6 1-0

[Event "Titled Tuesday intern op 4th Aug 10am"]
[Site "Chess.com INT"]
[Date "2020.08.04"]
[Round "2"]
[White "Valdes, Luis Enrique"]
[Black "Svidler, Peter"]
[Result "0-1"]
[WhiteElo "2402"]
[BlackElo "2723"]
[PlyCount "128"]
[EventDate "2020.08.04"]
[EventType "swiss (blitz)"]
[EventRounds "10"]
[EventCountry "USA"]
[SourceTitle "CBM 197 Extra"]
[Source "ChessBase"]
[SourceDate "2020.09.30"]
[SourceVersion "1"]
[SourceVersionDate "2020.09.30"]
[SourceQuality "1"]

1. Nf3 g6 2. g3 Bg7 3. Bg2 c5 4. d3 d5 5. O-O Nc6 6. Nbd2 Nf6 7. e4 O-O 8. Re1
e5 9. exd5 Nxd5 10. a3 Re8 11. Rb1 b6 12. Ne4 h6 13. c4 Nc7 14. b4 cxb4 15.
axb4 b5 16. c5 Be6 17. Nd6 Re7 18. Bb2 Bd5 19. Qd2 Qd7 20. Bc3 a6 21. Qb2 f6
22. Nd2 Bxg2 23. Kxg2 Nd5 24. Qb3 Qe6 25. Nf3 Nc7 26. d4 Qxb3 27. Rxb3 Nd5 28.
dxe5 fxe5 29. Bd2 Re6 30. Ne4 Rd8 31. Ra1 Nc7 32. Bc3 g5 33. h3 Rd3 34. Rab1
Nd4 35. Bxd4 Rxb3 36. Rxb3 exd4 37. Nd6 Nd5 38. Nf5 d3 39. Rxd3 Nxb4 40. Rd8+
Bf8 41. N3d4 Rf6 42. Nd6 Kh7 43. Ne4 Rf7 44. Ne6 Bg7 45. Nd6 Re7 46. Nd4 Bxd4
47. Nf5 Nc6 48. Rd6 Rc7 49. Nxd4 Nxd4 50. Rxd4 Rxc5 51. Rd7+ Kg8 52. Rd6 a5 53.
Rxh6 b4 54. Rb6 Rc4 55. Rb5 a4 56. Rxg5+ Kf7 57. Ra5 a3 58. h4 Rc2 59. h5 a2
60. g4 b3 61. g5 b2 62. Ra7+ Ke6 63. Ra6+ Kf5 64. Ra5+ Kg4 0-1

[Event "Titled Tuesday intern op 4th Aug 10am"]
[Site "Chess.com INT"]
[Date "2020.08.04"]
[Round "3"]
[White "Svidler, Peter"]
[Black "Quintiliano Pinto, Renato Rodrigues"]
[Result "1-0"]
[WhiteElo "2723"]
[BlackElo "2469"]
[PlyCount "101"]
[EventDate "2020.08.04"]
[EventType "swiss (blitz)"]
[EventRounds "10"]
[EventCountry "USA"]
[SourceTitle "CBM 197 Extra"]
[Source "ChessBase"]
[SourceDate "2020.09.30"]
[SourceVersion "1"]
[SourceVersionDate "2020.09.30"]
[SourceQuality "1"]

1. e4 c5 2. Nf3 d6 3. d4 cxd4 4. Nxd4 Nf6 5. Nc3 a6 6. h3 e6 7. g4 Nfd7 8. Bg2
Be7 9. Be3 Nc6 10. O-O O-O 11. f4 Nxd4 12. Qxd4 b5 13. g5 Bb7 14. h4 e5 15. Qd2
exf4 16. Bxf4 Ne5 17. Nd5 Rc8 18. Nxe7+ Qxe7 19. b3 Qc7 20. Rad1 Qxc2 21. Qxc2
Rxc2 22. Rxd6 Ng6 23. Bg3 Re8 24. Rf2 Rc1+ 25. Kh2 h5 26. gxh6 gxh6 27. h5 Ne5
28. Bxe5 Rxe5 29. Rd8+ Kg7 30. Rd7 Rxh5+ 31. Kg3 Rg5+ 32. Kh4 Bc8 33. Rdxf7+
Kh8 34. Rf8+ Rg8 35. Rxg8+ Kxg8 36. e5 Re1 37. Bd5+ Kg7 38. Rf7+ Kg6 39. Rc7
Bf5 40. Bf7+ Kg7 41. Kg3 Bb1 42. Bd5+ Kg6 43. Kf4 Rf1+ 44. Ke3 Re1+ 45. Kd4
Bxa2 46. e6 Rd1+ 47. Ke5 Kg5 48. Rg7+ Kh4 49. e7 Re1+ 50. Kd6 a5 51. Be6 1-0

[Event "Titled Tuesday intern op 4th Aug 10am"]
[Site "Chess.com INT"]
[Date "2020.08.04"]
[Round "4"]
[White "Gharibyan, Mamikon"]
[Black "Svidler, Peter"]
[Result "1-0"]
[WhiteElo "2432"]
[BlackElo "2723"]
[PlyCount "77"]
[EventDate "2020.08.04"]
[EventType "swiss (blitz)"]
[EventRounds "10"]
[EventCountry "USA"]
[SourceTitle "CBM 197 Extra"]
[Source "ChessBase"]
[SourceDate "2020.09.30"]
[SourceVersion "1"]
[SourceVersionDate "2020.09.30"]
[SourceQuality "1"]

1. e4 c5 2. Nf3 d6 3. c3 Nf6 4. h3 Nc6 5. d3 g6 6. Be3 Bg7 7. Nbd2 O-O 8. Be2
e5 9. O-O h6 10. Re1 Re8 11. a3 a5 12. a4 b6 13. Nc4 d5 14. exd5 Nxd5 15. Bd2
Bb7 16. Qb3 Qc7 17. Rad1 Rad8 18. Bf1 Bc8 19. Bc1 Be6 20. g3 Kh7 21. Bg2 f5 22.
Qc2 Bf7 23. Kh2 Nde7 24. Qb3 Nc8 25. Qb5 Bd5 26. Ne3 Bf7 27. Nc4 N6a7 28. Qb3
e4 29. dxe4 Rxd1 30. Rxd1 fxe4 31. Bf4 Qc6 32. Nfd2 g5 33. Bb8 b5 34. axb5 Nxb5
35. Qa4 Bg6 36. g4 Qb7 37. Bg3 Ncd6 38. Nxd6 Nxd6 39. Bxd6 1-0

[Event "Titled Tuesday intern op 4th Aug 10am"]
[Site "Chess.com INT"]
[Date "2020.08.04"]
[Round "5"]
[White "Svidler, Peter"]
[Black "Mons, Leon"]
[Result "1-0"]
[WhiteElo "2723"]
[BlackElo "2540"]
[PlyCount "67"]
[EventDate "2020.08.04"]
[EventType "swiss (blitz)"]
[EventRounds "10"]
[EventCountry "USA"]
[SourceTitle "CBM 197 Extra"]
[Source "ChessBase"]
[SourceDate "2020.09.30"]
[SourceVersion "1"]
[SourceVersionDate "2020.09.30"]
[SourceQuality "1"]

1. e4 e5 2. Nf3 Nc6 3. Bb5 a6 4. Ba4 Nf6 5. O-O Be7 6. d3 b5 7. Bb3 d6 8. a3
O-O 9. Nc3 Bb7 10. Bd2 Qd7 11. Ne2 Nd8 12. Ng3 Ne6 13. Nf5 Rfe8 14. Ng5 d5 15.
Nxe6 fxe6 16. Nxe7+ Rxe7 17. Bb4 Ree8 18. f3 a5 19. Bc5 Qc6 20. Bf2 Qd6 21. Qd2
c5 22. Rae1 h6 23. f4 dxe4 24. fxe5 Qxe5 25. d4 Qd6 26. c3 c4 27. Bg3 Qd5 28.
Bc2 e5 29. Rxf6 exd4 30. Rd6 e3 31. Qe2 d3 32. Rxd5 Bxd5 33. Bxd3 cxd3 34. Qxd3
1-0

[Event "Titled Tuesday intern op 4th Aug 10am"]
[Site "Chess.com INT"]
[Date "2020.08.04"]
[Round "6"]
[White "Svidler, Peter"]
[Black "Aitbayev, Aslan"]
[Result "1-0"]
[WhiteElo "2723"]
[BlackElo "2457"]
[PlyCount "49"]
[EventDate "2020.08.04"]
[EventType "swiss (blitz)"]
[EventRounds "10"]
[EventCountry "USA"]
[SourceTitle "CBM 197 Extra"]
[Source "ChessBase"]
[SourceDate "2020.09.30"]
[SourceVersion "1"]
[SourceVersionDate "2020.09.30"]
[SourceQuality "1"]

1. e4 e6 2. d4 d5 3. Nd2 Be7 4. c3 c5 5. dxc5 Nf6 6. exd5 Qxd5 7. b4 a5 8. Ngf3
axb4 9. cxb4 b6 10. Bc4 Qh5 11. O-O bxc5 12. b5 Nbd7 13. a4 Nb6 14. a5 Nbd5 15.
Bb2 O-O 16. Ne5 Qh6 17. Ndf3 Bb7 18. a6 Bc8 19. Nc6 Bd6 20. Be5 Bxe5 21. Nfxe5
Nb6 22. Qc1 Qh4 23. Be2 Nfd7 24. Bf3 f6 25. Nxd7 1-0

[Event "Titled Tuesday intern op 4th Aug 10am"]
[Site "Chess.com INT"]
[Date "2020.08.04"]
[Round "7"]
[White "Bocharov, Dmitry"]
[Black "Svidler, Peter"]
[Result "0-1"]
[WhiteElo "2524"]
[BlackElo "2723"]
[PlyCount "122"]
[EventDate "2020.08.04"]
[EventType "swiss (blitz)"]
[EventRounds "10"]
[EventCountry "USA"]
[SourceTitle "CBM 197 Extra"]
[Source "ChessBase"]
[SourceDate "2020.09.30"]
[SourceVersion "1"]
[SourceVersionDate "2020.09.30"]
[SourceQuality "1"]

1. c4 g6 2. d4 Nf6 3. Nf3 Bg7 4. g3 O-O 5. Bg2 d6 6. O-O Nc6 7. Nc3 a6 8. d5
Na5 9. b3 c5 10. dxc6 Nxc6 11. Bg5 Bf5 12. Rc1 Ne4 13. Nxe4 Bxe4 14. Qd2 Rc8
15. Bh6 Bxf3 16. Bxf3 Bxh6 17. Qxh6 Qa5 18. Rc2 Nd4 19. Qd2 Qxd2 20. Rxd2 Nxf3+
21. exf3 b5 22. cxb5 axb5 23. Re1 Rc7 24. Re4 Ra8 25. f4 Kf8 26. Kg2 Rc5 27. h4
d5 28. Re5 e6 29. h5 Ke7 30. hxg6 hxg6 31. Kf3 Kd6 32. Kg4 b4 33. Kg5 Rca5 34.
Ree2 Ke7 35. g4 f6+ 36. Kh4 g5+ 37. fxg5 Rh8+ 38. Kg3 fxg5 39. Rd4 Rb5 40. Rd3
Rc5 41. Rd4 Rb5 42. Rd3 Kd6 43. Rde3 Rh6 44. Re5 Rg6 45. R5e3 Rc5 46. Rd2 e5
47. Rf3 Rc3 48. Kg2 Rxf3 49. Kxf3 Rf6+ 50. Kg3 d4 51. Rc2 Kd5 52. Rc8 Ke4 53.
Rc4 Kd3 54. Rxb4 e4 55. Rb5 e3 56. fxe3 dxe3 57. Rd5+ Ke4 58. Rd8 e2 59. Re8+
Kd3 60. b4 Rf1 61. b5 e1=Q+ 0-1

[Event "Titled Tuesday intern op 4th Aug 10am"]
[Site "Chess.com INT"]
[Date "2020.08.04"]
[Round "8"]
[White "Bartel, Mateusz"]
[Black "Svidler, Peter"]
[Result "1/2-1/2"]
[WhiteElo "2643"]
[BlackElo "2723"]
[PlyCount "57"]
[EventDate "2020.08.04"]
[EventType "swiss (blitz)"]
[EventRounds "10"]
[EventCountry "USA"]
[SourceTitle "CBM 197 Extra"]
[Source "ChessBase"]
[SourceDate "2020.09.30"]
[SourceVersion "1"]
[SourceVersionDate "2020.09.30"]
[SourceQuality "1"]

1. e4 c5 2. Nf3 d6 3. d4 cxd4 4. Nxd4 Nf6 5. Nc3 a6 6. g3 g6 7. Bg2 Bg7 8. O-O
O-O 9. h3 Nc6 10. Be3 Bd7 11. Re1 Rc8 12. Nd5 Nxd5 13. exd5 Nxd4 14. Bxd4 Bxd4
15. Qxd4 Rxc2 16. Rac1 Rxc1 17. Rxc1 Qb8 18. h4 Rc8 19. Re1 e5 20. dxe6 Bxe6
21. h5 Rc5 22. h6 Qf8 23. Bxb7 Qxh6 24. Qxd6 Rc1 25. Qb8+ Kg7 26. Qe5+ Kg8 27.
Qb8+ Kg7 28. Qe5+ Kg8 29. Qb8+ 1/2-1/2

[Event "Titled Tuesday intern op 4th Aug 10am"]
[Site "Chess.com INT"]
[Date "2020.08.04"]
[Round "9"]
[White "Svidler, Peter"]
[Black "Liang, Awonder"]
[Result "1-0"]
[WhiteElo "2723"]
[BlackElo "2592"]
[PlyCount "107"]
[EventDate "2020.08.04"]
[EventType "swiss (blitz)"]
[EventRounds "10"]
[EventCountry "USA"]
[SourceTitle "CBM 197 Extra"]
[Source "ChessBase"]
[SourceDate "2020.09.30"]
[SourceVersion "1"]
[SourceVersionDate "2020.09.30"]
[SourceQuality "1"]

1. e4 c6 2. d4 d5 3. e5 Bf5 4. Nd2 e6 5. Nb3 c5 6. Nxc5 Bxc5 7. dxc5 Qa5+ 8. c3
Qxc5 9. Qa4+ Kf8 10. Be3 Qc7 11. Nf3 Ne7 12. Nd4 Nbc6 13. f4 Nxd4 14. Qxd4 Be4
15. Qc5 Qxc5 16. Bxc5 f6 17. exf6 gxf6 18. Kf2 Kf7 19. Be2 b6 20. Be3 h5 21.
Rhg1 Nf5 22. Bd2 h4 23. c4 Rac8 24. Rac1 d4 25. Bg4 Rc7 26. Rge1 Bd3 27. b3 Ng7
28. Bb4 Bf5 29. Bf3 Rd8 30. c5 bxc5 31. Rxc5 Rcd7 32. Bc6 Rd6 33. Rc4 d3 34.
Bxd6 Rxd6 35. Rd1 e5 36. fxe5 fxe5 37. Be4 Kf6 38. Ke3 Bxe4 39. Kxe4 d2 40. Rc2
Rd4+ 41. Kf3 Rf4+ 42. Ke2 Nf5 43. Rcxd2 Nd4+ 44. Kd3 Ke6 45. Kc3 Kd5 46. Rd3
Rf2 47. R1d2 Rf4 48. Kb2 Kc5 49. Rc3+ Kd5 50. Rh3 e4 51. Re3 Ke5 52. Rc3 Kd5
53. b4 a6 54. Rc5+ 1-0

[Event "Titled Tuesday intern op 4th Aug 10am"]
[Site "Chess.com INT"]
[Date "2020.08.04"]
[Round "10"]
[White "Svidler, Peter"]
[Black "Ponikarovsky, Alexey"]
[Result "1-0"]
[WhiteElo "2723"]
[BlackElo "1939"]
[PlyCount "51"]
[EventDate "2020.08.04"]
[EventType "swiss (blitz)"]
[EventRounds "10"]
[EventCountry "USA"]
[SourceTitle "CBM 197 Extra"]
[Source "ChessBase"]
[SourceDate "2020.09.30"]
[SourceVersion "1"]
[SourceVersionDate "2020.09.30"]
[SourceQuality "1"]

1. e4 c5 2. Nf3 a6 3. c3 e6 4. d4 cxd4 5. cxd4 d5 6. Nc3 dxe4 7. Nxe4 Bb4+ 8.
Bd2 Bxd2+ 9. Qxd2 Nc6 10. Bd3 Nf6 11. O-O O-O 12. Rac1 Bd7 13. Nc5 Rb8 14. Qf4
h6 15. Rfd1 Nb4 16. Bb1 Bc6 17. Ne5 Qd5 18. Qg3 Nxa2 19. Rc4 Nh5 20. Nxc6 Qxc4
21. Ne7+ Kh8 22. Qe5 Nb4 23. Qxh5 Nd5 24. Nxd5 Qxd5 25. Qxd5 exd5 26. Nd7 1-0

[Event "Titled Tuesday intern op 4th Aug 10am f"]
[Site "Chess.com INT"]
[Date "2020.08.04"]
[Round "1.1"]
[White "Svidler, Peter"]
[Black "Sevian, Samuel"]
[Result "1/2-1/2"]
[WhiteElo "2723"]
[BlackElo "2660"]
[PlyCount "109"]
[EventDate "2020.08.04"]
[EventType "k.o. (blitz)"]
[EventRounds "3"]
[EventCountry "USA"]
[SourceTitle "CBM 197 Extra"]
[Source "ChessBase"]
[SourceDate "2020.09.30"]
[SourceVersion "1"]
[SourceVersionDate "2020.09.30"]
[SourceQuality "1"]

1. Nf3 d5 2. g3 Nd7 3. d4 Nb6 4. Bg2 Bf5 5. O-O e6 6. Nbd2 h6 7. b3 Nf6 8. c4
c6 9. Bb2 Be7 10. Rc1 O-O 11. e3 a5 12. Qe2 Ne4 13. Ne5 Nxd2 14. Qxd2 a4 15. c5
Nd7 16. b4 Qc7 17. a3 Bf6 18. f4 Be7 19. g4 Bh7 20. Nxd7 Qxd7 21. Qf2 Bd3 22.
Rfd1 Be4 23. Bxe4 dxe4 24. Qc2 Qd5 25. Qc4 Qd7 26. Qc2 Qd5 27. Qc4 Qd7 28. Rf1
Kh8 29. Rc2 Kh7 30. Rg2 g6 31. Bc3 Bf6 32. Be1 Rg8 33. Bg3 Bh8 34. Kh1 f5 35.
gxf5 gxf5 36. Rfg1 Bf6 37. Bf2 Rxg2 38. Rxg2 Qd5 39. Qxd5 exd5 40. Bg3 Rb8 41.
Be1 b5 42. cxb6 Rxb6 43. Kg1 Be7 44. Kf1 Rb7 45. Ke2 Bf6 46. Kd2 Rg7 47. Rxg7+
Kxg7 48. h3 Be7 49. Kc2 Kg6 50. Kd1 Kf7 51. Ke2 Kg6 52. Kf1 Kf7 53. Ke2 Kg6 54.
Kf1 Kf7 55. Ke2 1/2-1/2

[Event "Titled Tuesday intern op 4th Aug 10am f"]
[Site "Chess.com INT"]
[Date "2020.08.04"]
[Round "1.2"]
[White "Svidler, Peter"]
[Black "Sevian, Samuel"]
[Result "1-0"]
[WhiteElo "2723"]
[BlackElo "2660"]
[PlyCount "59"]
[EventDate "2020.08.04"]
[EventType "k.o. (blitz)"]
[EventRounds "3"]
[EventCountry "USA"]
[SourceTitle "CBM 197 Extra"]
[Source "ChessBase"]
[SourceDate "2020.09.30"]
[SourceVersion "1"]
[SourceVersionDate "2020.09.30"]
[SourceQuality "1"]

1. c4 e5 2. g3 Nf6 3. Bg2 d5 4. cxd5 Nxd5 5. Nc3 Nb6 6. d3 Nc6 7. Bxc6+ bxc6 8.
Be3 Bd6 9. Rc1 O-O 10. Nf3 Bh3 11. Ng5 Bf5 12. O-O h6 13. Nge4 Qd7 14. Qc2 Nd5
15. Bc5 a5 16. Na4 Ne7 17. f3 Rab8 18. b3 Be6 19. Bf2 Bd5 20. Rfd1 Qh3 21. Bc5
Rfd8 22. Nf2 Qc8 23. e4 Be6 24. d4 exd4 25. Bxd4 Ng6 26. Nc5 Bxc5 27. Qxc5 Rd6
28. Bb2 Rb5 29. Qc3 Qd7 30. Qxg7# 1-0

[Event "Titled Tuesday intern op 4th Aug 10am f"]
[Site "Chess.com INT"]
[Date "2020.08.04"]
[Round "2.1"]
[White "Svidler, Peter"]
[Black "Onischuk, Vladimir"]
[Result "1-0"]
[WhiteElo "2723"]
[BlackElo "2633"]
[PlyCount "89"]
[EventDate "2020.08.04"]
[EventType "k.o. (blitz)"]
[EventRounds "3"]
[EventCountry "USA"]
[SourceTitle "CBM 197 Extra"]
[Source "ChessBase"]
[SourceDate "2020.09.30"]
[SourceVersion "1"]
[SourceVersionDate "2020.09.30"]
[SourceQuality "1"]

1. e4 d6 2. d4 Nf6 3. Nc3 g6 4. Nf3 Bg7 5. Be2 O-O 6. O-O a6 7. Re1 Nc6 8. d5
Ne5 9. Nxe5 dxe5 10. Be3 Ne8 11. a4 Nd6 12. a5 Bd7 13. Bc5 Bh6 14. Bd3 Qb8 15.
Qe2 Rc8 16. Na4 Bg5 17. c4 Bxa4 18. Rxa4 c6 19. b4 h5 20. g3 Bf6 21. Ra2 Qc7
22. Bb6 Qd7 23. Rc2 Ne8 24. Rd1 Ng7 25. dxc6 Qxc6 26. b5 Qe8 27. bxa6 Rxa6 28.
c5 Raa8 29. Bb5 Qf8 30. Bd7 Rcb8 31. c6 bxc6 32. Bxc6 Ne6 33. Bxa8 Rxa8 34. a6
Qb8 35. Rc6 Nd4 36. Bxd4 exd4 37. Rdc1 Kg7 38. Rc7 Qb6 39. e5 Bg5 40. R1c6 Qb1+
41. Qf1 Qe4 42. h4 Bd2 43. e6 d3 44. Rc4 Qxe6 45. Qxd3 1-0